| 000 | 00922nam a22002171 4500 | ||
|---|---|---|---|
| 082 | 0 | 0 |
_a510.2462 _bKEL _cL-3, P-19 |
| 100 | 1 |
_aDoherty, Robert E. _939009 |
|
| 245 | 1 | 0 |
_aMathematics of modern engineering ... _cby Robert E. Doherty ... and Ernest G. Keller ... |
| 260 |
_aNew York, _bJ. Wiley & sons, inc.; _aLondon, _bChapman & Hall, limited, _c1936-42. |
||
| 300 |
_a2 v. _billus., diagrs. _c24 cm. |
||
| 500 | _a"One of a series written in the interest of the advanced course in engineering of the General electric company." | ||
| 500 | _aVol. 2, by Ernest G. Keller, has subtitle: Mathematical engineering. | ||
| 500 | _aVol. 3 not published? | ||
| 526 |
_a0 _b0 _c0 _d510_246200000000000_KEL |
||
| 526 |
_a0 _b0 _c0 _d510_246200000000000_KEL |
||
| 526 |
_a0 _b0 _c0 _d510_246200000000000_KEL |
||
| 650 | 0 |
_aEngineering mathematics. _92310 |
|
| 650 | 0 |
_aMCE _9379 |
|
| 700 | 1 |
_aKeller, Ernest G. _939010 |
|
| 942 |
_2ddc _cBK |
||
| 999 |
_c543618 _d543618 |
||